| 000 | 00865nam a2200253 a 4500 | ||
|---|---|---|---|
| 999 |
_c194 _d194 |
||
| 001 | 194 | ||
| 003 | BD-JhCC | ||
| 005 | 20180705134013.0 | ||
| 008 | 171002b2008 bg ||||| |||| 000 0 ben d | ||
| 020 | _a9847011400174 | ||
| 035 | _a(BD-JhCC)194 | ||
| 040 |
_aBD-JhCC _dBD-JhCC |
||
| 041 | _aben | ||
| 082 |
_a891.443 _bACH 2008 |
||
| 100 | _aআচেবে, চিনুয়া. | ||
| 245 |
_aসবকিছু ভেঙে-চুরে যায় / _cচিনুয়া আচেবে এবং অনু. কবীর চৌধুরী |
||
| 260 |
_aঢাকাঃ _bসময় প্রকাশন, _c২০০৮. |
||
| 300 |
_a১৯৯ পৃ.; _c২৪ সেমি. |
||
| 650 | _aBengali Novel | ||
| 651 | _a। | ||
| 700 | _aচৌধুরী, কবীর | ||
| 942 |
_2ddc _cBK _01 |
||